000 01040nmm a2200313 a 4500
001 ocm0002015649
003 TR-IsHL
005 20201028180245.0
008 181206s2016 tu tur
007 cr cn
020 _a9786059902410
035 _a2015649
_b(N$T)
050 0 4 _aPS3558.E4753
_bP5519 2016
090 0 4 _aPS3558.E4753
_bP5519 2016
100 1 _aHellenga, Robert
245 1 0 _aAvokado bahçesi
_h[electronic resource] /
_cRobert Hellenga ; editör Selin Saraçoğlu ; çeviren Melda Uytun
250 _a1. Baskı
260 _aİstanbul :
_bMaya Kitap,
_c2016
300 _a291 p.
500 _aÖzgün eser adı: Philosophy made simple
650 4 _aDil ve Edebiyat
650 4 _aLanguage and Literature
650 0 _aAmerikan romanı
650 0 _aAmerican fiction
650 7 _aLITERARY COLLECTIONS / American / General
_2bisacsh
700 1 _aSaraçoğlu, Selin
700 1 _aAytun, Melda
856 4 0 _uhttp://search.ebscohost.com/login.aspx?direct=true&scope=site&db=e011xww&AN=2015649
999 _c19056
_d19056